Detalles MARC
| 000 -LÍDER |
| Campo fijo de descripción fija |
01855nam a22003737a 4500 |
| 001 - NÚMERO DE CONTROL |
| Campo de control |
768714001 |
| 003 - IDENTIFICADOR DEL NÚMERO DE CONTROL |
| Campo de control |
CO-MdFUSB |
| 005 - FECHA Y HORA DE LA ULTIMA TRANSACCIÓN |
| control field |
20240418161626.0 |
| 007 - CAMPO FIJO DE DESCRIPCIÓN FIJA--INFORMACIÓN GENERAL |
| Campo fijo de descripción fija |
ta |
| 008 - ELEMENTOS DE LONGITUD FIJA -- INFORMACIÓN GENERAL |
| Campo fijo de descripción fija -- Información general |
180901t1996 xxk||||| |||| 00| 0 eng d |
| 020 ## - NÚMERO INTERNACIONAL NORMALIZADO PARA LIBROS |
| Número Internacional Normalizado del libro |
083081247 |
| Información adicional |
4 |
| 040 ## - FUENTE DE CATALOGACIÓN |
| Agencia de catalogación original |
CO-MdFUSB |
| Idioma de catalogación |
spa |
| Agencia que realiza la transcripción |
CO-MdFUSB |
| Agencia que realiza la modificación |
CO-MdFUSBC |
| Convenciones de la descripción |
rda |
| 041 ## - CÓDIGO DE IDIOMA |
| Código de idioma para texto/pista de sonido o título separado |
eng |
| 082 ## - NÚMERO DE CLASIFICACIÓN DECIMAL DEWEY |
| Número de la edición del Dewey |
23 |
| Número de clasificación |
227.8307 |
| Clave de autor-Numero de item |
ST888 |
| 100 ## - ASIENTO PRINCIPAL--NOMBRE PERSONAL |
| Nombre personal |
Stott, John R. W. |
| Fechas asociadas con el nombre |
autor |
| 245 14 - TÍTULO |
| Título del Material |
The message of 1 Timothy & Titus |
| Parte restante del título - Subtitulo |
: the life of the local church |
| Mención de responsabilidad, etc. |
/ autor y editor John R. W. Stott |
| 264 #1 - PRODUCCIÓN, PUBLICACIÓN, DISTRIBUCIÓN, MANUFACTURA, Y COPYRIGHT |
| Lugar de producción, publicación, distribución, manufactura |
Leicester, Inglaterra : |
| Nombre del productor, publicador, distribuidor |
Intervarsity Press, |
| Fecha de producción, publicación, distribución, manufactura, o copyright |
[1996] |
| 264 #4 - PRODUCCIÓN, PUBLICACIÓN, DISTRIBUCIÓN, MANUFACTURA, Y COPYRIGHT |
| Fecha de producción, publicación, distribución, manufactura, o copyright |
©1996 |
| 300 ## - DESCRIPCIÓN FÍSICA |
| Extensión |
232 páginas ; |
| Dimensiones |
21 cm |
| 336 ## - TIPO DE CONTENIDO |
| Fuente |
rdacontent |
| Término de tipo de contenido |
texto |
| Código de tipo de contenido |
txt |
| 337 ## - TIPO DE MEDIO |
| Fuente |
rdamedia |
| Nombre del tipo de medio |
sin mediación |
| Código del tipo de medio |
n |
| 338 ## - TIPO DE SOPORTE |
| Fuente |
rdacarrier |
| Nombre del tipo de soporte |
volumen |
| Código Tipo de soporte |
nc |
| 490 ## - MENCIÓN DE SERIE |
| Mención de serie |
The Bible Speaks Today |
| 505 ## - NOTA DE CONTENIDO |
| Título |
La autenticidad de las cartas pastorales: |
| Nota de contenido con formato preestablecido |
El caso de la autoría paulina -- El caso contra la autoría paulina -- El caso a favor y en contra de un autor pseudónimo --El caso para el amanuense -- Conclusión |
| 505 ## - NOTA DE CONTENIDO |
| Título |
El mensaje de 1 de Timoteo. La vida de la iglesia local: |
| Nota de contenido con formato preestablecido |
Introducción (1:1-2) -- Doctrina apostólica (1:3-20) -- Culto público (2:1-15) -- Vigilancia pastoral (3:1-16) -- Liderazgo local (4:1-5:2) -- Responsabilidades sociales (5:3-6:2) -- Material de posesiones (6:3-21) |
| 505 ## - NOTA DE CONTENIDO |
| Título |
El mensaje a Tito: |
| Nota de contenido con formato preestablecido |
Los temas principales de la carta -- Introducción (1:1-4) -- Doctrina y deber en la iglesia (1:5-16) -- Doctrina y deber en el hogar (2:5-15) -- Doctrina y deber en el mundo (3:1-8) -- Mensaje final personal (9:9-15) |
| 563 ## - NOTA DE ENCUADERNACIÓN |
| Nota de encuadernación |
Tapa rústicas |
| 630 #7 - TITULO UNIFORME |
| Título uniforme |
Biblia. |
| Nombre de parte o sección de la obra |
Timoteo, 1ª |
| Subdivisión de materia general |
Crítica, interpretación, etc. |
| 630 #7 - TITULO UNIFORME |
| Título uniforme |
Biblia. |
| Nombre de parte o sección de la obra |
Tito |
| Subdivisión de materia general |
Crítica, interpretación, etc. |
| 700 ## - ASIENTO SECUNDARIO - NOMBRE PERSONAL |
| Nombre personal |
Stott, John R. W., |
| 9 (RLIN) |
1432 |
| Responsabilidad |
editor |
| 942 ## - TIPO DE MATERIAL (KOHA) |
| Tipo de Item KOHA |
Libros General |
| 945 ## - INFORMACIÓN LOCAL DEL REGISTRO |
| Catalogador |
JTF-925 |